Escola de la Dona : 130 anys : acte commemoratiu dels 130 anys de l'Escola de la Dona 130 anys : acte commemoratiu dels 130 anys de l'Escola de la Dona
Descripción Física:
1 postal : il·lustracions en color ; 15 x 11 cm
Idioma:
Catalán
MARC
| LEADER | 00000nkm a22000007a 4500 | ||
|---|---|---|---|
| 001 | 25441 | ||
| 003 | Arxiu | ||
| 005 | 20260324181107.0 | ||
| 008 | 220510b spa||||| |||| 00| 0 cat d | ||
| 017 | |a DL B 13292-2014 | ||
| 080 | |a NBM-13-94 | ||
| 245 | 1 | 3 | |a Escola de la Dona : |b 130 anys : acte commemoratiu dels 130 anys de l'Escola de la Dona |
| 260 | |a Barcelona : |b Diputació de Barcelona, |c 2014 | ||
| 300 | |a 1 postal : |b il·lustracions en color ; |c 15 x 11 cm | ||
| 610 | 2 | 0 | |a Escola Professional de la Dona |9 52886 |
| 655 | 0 | |a Targetes postals |9 52685 | |
| 710 | 1 | |a Barcelona (Catalunya : Província). |b Diputació |9 52408 | |
| 942 | |2 udc |n 1 |c ARXIU | ||
| 952 | |0 0 |1 0 |4 0 |6 NBM1394 |7 1 |9 61631 |a Arxiu |b Arxiu |d 2022-05-10 |l 0 |o NBM-13-94 |p 25441 |r 2022-05-10 00:00:00 |w 2022-05-10 |y ARXIU | ||
| 999 | |c 81531 |d 81531 | ||